Letra de «Bella Ciao» - Estadísticas

Estadísticas generales
  • Esta prueba ha sido intentada 219 veces
  • La puntuación promedio es 14 de 22
Estadísticas de respuestas
Letra (en italiano) % Correcto
Una {mattina} mi sono azalto
93%
Una {mattina} mi sono azalto
93%
È questo il fiore del partigianoO {bella ciao}, {bella ciao}, {bella ciao}, ciao, ciao
78%
O {bella ciao}, {bella ciao}, {bella ciao}, ciao, ciao
78%
O {bella ciao}, {bella ciao}, {bella ciao}, ciao, ciao
78%
O {bella ciao}, {bella ciao}, {bella ciao}, ciao, ciao
78%
O {bella ciao}, {bella ciao}, {bella ciao}, ciao, ciao
78%
O {bella ciao}, {bella ciao}, {bella ciao}, ciao, ciao
78%
E ho trovato l'{invasor}
72%
Ché mi sento di {morir}
64%
E se io muoio da {partigiano}
56%
E se io muoio da {partigiano}
56%
O {partigiano}, portami via
56%
O {partigiano}, portami via
56%
E seppellire lassù in {montagna}
52%
E seppellire lassù in {montagna}
52%
È questo il fiore del partigianoMorto per la {libertà}
45%
Mi diranno "che bel {fior}"
43%
Sotto l'ombra di un bel {fior}
43%
Tu mi devi {seppellir}
37%
E le genti che {passeranno}
34%
Tutte le genti che {passeranno}
34%
No se encontraron pruebas coincidentes
Distribución de puntuación
Porcentaje de gente con cada puntuación
Porcentaje por número respondido
Historial de tus puntuaciones
No has intentado esta prueba.